F1 Driver Most Races Before First Win - Statistics

General Stats
  • This quiz has been taken 15 times
  • The average score is 5 of 10
Answer Stats
Starts Country Driver % Correct
150 Spain Carlos Sainz Jr.
100%
190 Mexico Sergio Pérez
100%
96 Finland Mika Häkkinen
62%
113 UK Jenson Button
54%
130 Australia Mark Webber
54%
110 UK Lando Norris
46%
111 Germany Nico Rosberg
46%
110 Italy Giancarlo Fisichella
31%
117 Italy Jarno Trulli
31%
123 Brazil Rubens Barichello
23%
No matching quizzes found
Score Distribution
Percent of People with Each Score
Percentile by Number Answered
Your Score History
You have not taken this quiz